Statistics for Words That Only Appear Once in the Bible #2

Click here to take the quiz!

General Stats

  • This quiz has been taken 44 times
  • The average score is 11 of 25

Answer Stats

hintword% Correct
what you do if you're cutBbleed
83%
Komodo dragon, for exampleLlizard
78%
flightless birdOostrich
71%
undesirable plantWweed
68%
shout outYyell
68%
truthfulnessHhonesty
63%
small churchCchapel
61%
basin from which pigs eat or drinkTtrough
59%
GM's rivalFford
56%
ordained church leaderPpastor
51%
to seize illegally by forceUusurp
51%
yacht stabilizerKkeel
49%
Greek islandRRhodes
44%
haughty, snobby, cool and distantAaloof
39%
Alan Alda starred in the TV seriesMmash
39%
to calm or subdueQquell
39%
US president for 16 months, 1849-50ZZachary
37%
immoral conduct, or (outside the US) a workbench toolVvice
34%
major mountain of LOTRDDoom
32%
lighting up, say of a building or fountain after darkIillumination
29%
small pilchard, often preserved in oilSsardine
24%
Job's daughter, who gets a once-only mentionJJemima
17%
first book of the Book of MormonNNephi
17%
British pop star Paul Gadd's stage surnameGGlitter
12%
regular Jetpunk quiztaker and feedbacker, author of 46 quizzesEEutychus
5%

Score Distribution

Percentile by Number Answered

Percent of People with Each Score

Your Score History

You have not taken this quiz